000 00879nam a2200229Ia 4500
003 OSt
005 20210922155408.0
008 210310s1999 ck ad fr 000 0 spa d
040 _aCO-JMCR
_cCO-JMCR
041 0 _aspa
082 0 4 _a339.5 /
_bJ371e
_223
100 1 _aJaramillo, Fernando,
_917455
_eautor
245 1 0 _aElecciones decisiones en varias dimensiones, crecimiento y desigualdad /
_cFernando Jaramillo
260 _aBogotá :
_bCentro de Estudios sobre Desarrollo Económico, Universidad de los Andes,
_c1999
300 _a30 páginas :
_bilustraciones y gráficas a blanco y negro ;
_c27 cm.
490 0 _aDocumento CEDE ;
_v99-07
500 _aIncluye notas a pie de página.
504 _aBibliografía: páginas 29-30
650 1 4 _aAjuste estructural (política económica)
_917603
650 2 4 _aDistribución (teoría económica)
_936753
942 _2ddc
_cBK
999 _c8551
_d8551